Estadísticas para Prueba de Castilla y León

Haz click aquí para intentar la prueba.

Estadísticas generales

  • Esta prueba ha sido intentada 1.414 veces
  • La puntuación promedio es 11 de 18

Estadísticas de respuestas

PreguntaRespuesta% Correcto
Ciudad de la universidad más antigua de España actualmenteSalamanca
94%
Ciudad famosa por su acueducto romano, Patrimonio de la HumanidadSegovia
94%
Capital de factoValladolid
93%
Junto con su esposo, esta reina de Castilla ayudó unificar EspañaIsabel I
92%
Se cree que este campeador se nació en Castilla y LeónEl Cid
85%
GentilicioCastellanoleonés
80%
Tipo de cerdo asado bastante popular en esa ciudad{Cochinillo} asado
80%
Este río importante y caudaloso nace en SoriaDuero
76%
Idiomas regionales con reconocimiento estatutarioLeonés
76%
Ciudad de Santa Teresa, Doctora de la Iglesia católicaÁvila
71%
Se rebelaron en la guerra de las Comunidades de CastillaComuneros
45%
En la plaza Mayor de esa ciudad, el medallón de este hombre se quitó en 2017Francisco Franco
41%
Ese levantamiento empezó después del inicio del reino de este reyCarlos I
39%
Idiomas regionales con reconocimiento estatutarioGallego
32%
Han encontrado en Burgos los huesos de esta especie, considerada la más antigua de EuropaHomo {antecessor}
29%
Una de las primeras obras poéticas de la literatura española sobre la vida de esa figuraCantar de mio Cid
27%
El autómata de la catedral de BurgosPapamoscas
15%
Este karst ha sido un monumento natural de la comunidad desde 1996Ojo Guareña
7%

Distribución de puntuación

Porcentaje por número respondido

Porcentaje de gente con cada puntuación

Historial de tus puntuaciones

No has intentado esta prueba.